| 000 | 00744nam a2200229 a 4500 | ||
|---|---|---|---|
| 001 | BRCA_4159 | ||
| 005 | 20190320204551.0 | ||
| 008 | 060510s1971----mx-a######---#000-0#spa-# | ||
| 041 | _aspa | ||
| 044 | _amx | ||
| 050 | 4 |
_aNK844 _b.M46 1971 |
|
| 100 | 1 |
_aMendez, Leopoldo _910751 |
|
| 245 | 1 | 0 |
_aLo efímero y eterno del arte popular mexicano _cplaneación y realización de Leopoldo Mendez y Marianne Yampolsky ; introducción Rafael Carrillo Azpeitia. |
| 260 |
_aMéxico _bPlástica Mexicana _c1971 |
||
| 300 |
_a2 v. _bil. (algunas a color) _c35 cm. |
||
| 500 | _aC191 | ||
| 650 | 1 | 4 |
_aArte popular _97800 |
| 700 | 1 |
_aYampolsky, Marianne _eCoautora _910752 |
|
| 700 | 1 |
_aCarrillo Azpeitia, Rafael _94977 |
|
| 902 | _aGFM | ||
| 942 |
_2lcc _cB |
||
| 999 |
_c3875 _d3875 |
||